000 00540nam a2200181Ia 4500
008 240729s9999 xx 000 0 und d
022 _a2242-3982
245 0 _aInternational Journal of Circumpolar Health
260 _aUnited Kingdom
260 _bTaylor & Francis Group
650 _a Arctic medicine. Tropical medicine
650 _a Internal medicine
650 _a Special situations and conditions
650 _aMedicine
856 _uhttps://doaj.org/toc/0c1b64d951944c67b472029e40660e57
942 _2ddc
942 _cDOAJEJ
999 _c74595
_d74595
945 _a1
_bMadushi Gamage
_c1
_dMadushi Gamage